Statistics for World War II Quiz Part 1: Nations involved.

Click here to take the quiz!

General Stats

  • This quiz has been taken 44 times
  • The average score is 17 of 23

Answer Stats

HintAnswer% Correct
Name an axis power:Germany
100%
Name an allied power:USA
100%
Name an axis power:Italy
97%
Name an axis power:Japan
97%
Name an allied power:France
94%
Name an allied power:Canada
82%
Name an allied power:USSR
82%
Name an allied power:China
79%
Name an allied power:Britain
76%
Name an allied power:Norway
76%
Name an allied power:Poland
76%
Name an allied power:Belgium
73%
Name an axis power:Hungary
73%
Name an allied power:Australia
70%
Name an allied power:Denmark
70%
Name an allied power:Greece
70%
Name an allied power:Netherlands
70%
Name an axis power:Romania
70%
Name an axis power:Bulgaria
67%
Name an allied power:New Zealand
61%
Name an allied power:Yugoslavia
61%
Name an allied power:Brazil
45%
Name an allied power:South Africa
45%

Score Distribution

Percentile by Number Answered

Percent of People with Each Score

Your Score History

You have not taken this quiz